ਲੋਕ ਗਾਥਾਵਾਂ ਦਾ ਬਾਦFਾਹ (Record no. 299807)

MARC details
000 -LEADER
fixed length control field 00808nam a2200241Ia 4500
003 - CONTROL NUMBER IDENTIFIER
control field OSt
005 - DATE AND TIME OF LATEST TRANSACTION
control field 20220923211451.0
008 - FIXED-LENGTH DATA ELEMENTS--GENERAL INFORMATION
fixed length control field Pun
020 ## - INTERNATIONAL STANDARD BOOK NUMBER
International Standard Book Number 9789350687789 (hbk)
037 ## - SOURCE OF ACQUISITION
Terms of availability Textual
040 ## - CATALOGING SOURCE
Original cataloging agency ARTS
Transcribing agency ARTS
Language of cataloging Pun
041 ## - LANGUAGE CODE
Source of code Pun
Language code of text/sound track or separate title Pun
100 ## - MAIN ENTRY--PERSONAL NAME
Personal name ਰਾਜਪੁਰਾ, ਅਲੀ
245 #0 - TITLE STATEMENT
Title ਲੋਕ ਗਾਥਾਵਾਂ ਦਾ ਬਾਦFਾਹ
Remainder of title ਕੁਲਦੀਪ ਮਾਣਕ
260 ## - PUBLICATION, DISTRIBUTION, ETC.
Place of publication, distribution, etc. ਚੰਡੀਗੜ
Name of publisher, distributor, etc. ਲੋਕਗੀਤ ਪ੍ਰਕਾFਨ
Date of publication, distribution, etc. 2014
300 ## - PHYSICAL DESCRIPTION
Extent 204ਪੰ
Dimensions cm.
942 ## - ADDED ENTRY ELEMENTS (KOHA)
Classification part NR4443, 153Q4
Koha item type Textual
Source of classification or shelving scheme Colon Classification (CC)
Holdings
Withdrawn status Lost status Damaged status Not for loan Home library Current library Date acquired Source of acquisition Cost, normal purchase price Total Checkouts Full call number Barcode Date last seen Cost, replacement price Price effective from Koha item type
        Arts Library Arts Library 2022-09-23 899, 25/07/2014, Bright Book Service 200.00   NR4443 153Q4 AL1570499 2022-09-23 200.00 2022-09-23 Textual
Copyright @ Delhi University Library System